[Event "Wroclaw"]
[Site "?"]
[Date "2020.08.27"]
[Round "13.8"]
[White "Radecki, Adam"]
[Black "Nowak, Mikolaj"]
[Result "1/2-1/2"]
[BlackElo "1875"]
[WhiteElo "1908"]
[LiveChessVersion "1.4.8"]

1. e4 {[%clk 0:03:03]} e5 {[%clk 0:03:04]} 2. Nf3 {[%clk 0:03:04]} Nc6
{[%clk 0:03:05]} 3. Bc4 {[%clk 0:03:05]} Bc5 {[%clk 0:03:06]} 4. c3
{[%clk 0:03:07]} Nf6 {[%clk 0:03:06]} 5. d3 {[%clk 0:03:08]} d6 {[%clk 0:03:06]}
6. Bb3 {[%clk 0:03:09]} h6 {[%clk 0:03:06]} 7. Nbd2 {[%clk 0:03:10]} O-O
{[%clk 0:03:04]} 8. h3 {[%clk 0:03:10]} Ne7 {[%clk 0:03:03]} 9. Nf1
{[%clk 0:03:11]} Ng6 {[%clk 0:03:03]} 10. Ng3 {[%clk 0:03:12]} a6
{[%clk 0:03:01]} 11. O-O {[%clk 0:03:12]} Re8 {[%clk 0:02:58]} 12. Re1
{[%clk 0:03:01]} Ba7 {[%clk 0:02:59]} 13. Be3 {[%clk 0:02:55]} Bxe3
{[%clk 0:02:39]} 14. fxe3 {[%clk 0:02:56]} d5 {[%clk 0:02:37]} 15. exd5
{[%clk 0:02:53]} Nxd5 {[%clk 0:02:38]} 16. Qd2 {[%clk 0:02:42]} c6
{[%clk 0:02:38]} 17. d4 {[%clk 0:02:41]} e4 {[%clk 0:02:32]} 18. Ne5
{[%clk 0:02:39]} Nxe5 {[%clk 0:02:19]} 19. dxe5 {[%clk 0:02:39]} Qh4
{[%clk 0:02:17]} 20. Qf2 {[%clk 0:02:32]} Rxe5 {[%clk 0:02:07]} 21. Rf1
{[%clk 0:02:31]} Nf6 {[%clk 0:01:57]} 22. Rad1 {[%clk 0:02:04]} Be6
{[%clk 0:01:35]} 23. Bxe6 {[%clk 0:02:01]} fxe6 {[%clk 0:01:24]} 24. Rd4
{[%clk 0:01:50]} c5 {[%clk 0:01:14]} 25. Rd6 {[%clk 0:01:40]} Rg5
{[%clk 0:01:00]} 26. Ne2 {[%clk 0:01:19]} Qxh3 {[%clk 0:00:23]} 27. Nf4
{[%clk 0:01:21]} Qf5 {[%clk 0:00:20]} 28. Rxe6 {[%clk 0:01:03]} Rf8
{[%clk 0:00:10]} 29. Rb6 {[%clk 0:01:01]} Ng4 {[%clk 0:00:06]} 30. Qe2
{[%clk 0:00:51]} Ne5 {[%clk 0:00:07]} 31. Nd5 {[%clk 0:00:17]} Qd7
{[%clk 0:00:04]} 32. Rxf8+ {[%clk 0:00:13]} Kxf8 {[%clk 0:00:05]} 33. c4
{[%clk 0:00:14]} Nf3+ {[%clk 0:00:04]} 34. Kf2 {[%clk 0:00:10]} Ne5
{[%clk 0:00:05]} 35. Kg1 {[%clk 0:00:10]} Nf3+ {[%clk 0:00:06]} 36. Kf2
{[%clk 0:00:12]} 1/2-1/2

[Event "Wroclaw"]
[Site "?"]
[Date "2020.08.27"]
[Round "13.9"]
[White "Galuszka, Tomasz"]
[Black "Fus, Jakub"]
[Result "0-1"]
[BlackElo "2113"]
[WhiteElo "1943"]
[LiveChessVersion "1.4.8"]

1. e4 {[%clk 0:03:02]} e5 {[%clk 0:03:03]} 2. Bc4 {[%clk 0:02:59]} Nf6
{[%clk 0:03:03]} 3. d3 {[%clk 0:03:00]} Nc6 {[%clk 0:03:04]} 4. Nc3
{[%clk 0:02:59]} Na5 {[%clk 0:03:05]} 5. Nge2 {[%clk 0:02:59]} Nxc4
{[%clk 0:03:04]} 6. dxc4 {[%clk 0:03:00]} d6 {[%clk 0:03:05]} 7. O-O
{[%clk 0:03:00]} Be6 {[%clk 0:03:05]} 8. b3 {[%clk 0:02:58]} Nd7 {[%clk 0:03:05]}
9. f4 {[%clk 0:02:44]} exf4 {[%clk 0:02:41]} 10. Nxf4 {[%clk 0:02:45]} Ne5
{[%clk 0:02:38]} 11. Nxe6 {[%clk 0:02:17]} fxe6 {[%clk 0:02:39]} 12. Be3
{[%clk 0:02:11]} g6 {[%clk 0:02:35]} 13. Qd2 {[%clk 0:01:54]} Bg7
{[%clk 0:02:36]} 14. Rad1 {[%clk 0:01:52]} Ng4 {[%clk 0:01:41]} 15. Bd4
{[%clk 0:01:21]} Qh4 {[%clk 0:01:25]} 16. h3 {[%clk 0:01:19]} Ne5
{[%clk 0:01:21]} 17. Rf4 {[%clk 0:00:36]} Qe7 {[%clk 0:01:11]} 18. Rf2
{[%clk 0:00:37]} Rf8 {[%clk 0:01:04]} 19. Rdf1 {[%clk 0:00:36]} Rxf2
{[%clk 0:01:05]} 20. Rxf2 {[%clk 0:00:36]} b6 {[%clk 0:01:05]} 21. a4
{[%clk 0:00:29]} O-O-O {[%clk 0:00:49]} 22. a5 {[%clk 0:00:27]} Rf8
{[%clk 0:00:50]} 23. Nb5 {[%clk 0:00:20]} a6 {[%clk 0:00:36]} 24. Nc3
{[%clk 0:00:11]} Rxf2 {[%clk 0:00:36]} 25. Qxf2 {[%clk 0:00:12]} c5
{[%clk 0:00:32]} 26. Be3 {[%clk 0:00:09]} Nxc4 {[%clk 0:00:28]} 27. bxc4
{[%clk 0:00:09]} Bxc3 {[%clk 0:00:29]} 28. axb6 {[%clk 0:00:10]} Kb7
{[%clk 0:00:30]} 29. Qf3 {[%clk 0:00:06]} Be5 {[%clk 0:00:30]} 30. Bf2
{[%clk 0:00:04]} Kxb6 {[%clk 0:00:29]} 31. Qb3+ {[%clk 0:00:05]} Ka7
{[%clk 0:00:30]} 32. g3 {[%clk 0:00:04]} Qb7 {[%clk 0:00:31]} 33. Qa4
{[%clk 0:00:04]} h5 {[%clk 0:00:21]} 34. Kg2 {[%clk 0:00:05]} Qxe4+
{[%clk 0:00:21]} 35. Kg1 {[%clk 0:00:05]} Qb7 {[%clk 0:00:22]} 36. h4
{[%clk 0:00:05]} Bd4 {[%clk 0:00:19]} 37. Bxd4 {[%clk 0:00:05]} cxd4
{[%clk 0:00:20]} 38. Qa1 {[%clk 0:00:03]} e5 {[%clk 0:00:20]} 39. Kf2
{[%clk 0:00:04]} Qf7+ {[%clk 0:00:20]} 40. Kg2 {[%clk 0:00:04]} Qxc4
{[%clk 0:00:22]} 41. Qa3 {[%clk 0:00:04]} Qxc2+ {[%clk 0:00:22]} 42. Kh3
{[%clk 0:00:05]} Qf5+ {[%clk 0:00:23]} 43. Kg2 {[%clk 0:00:06]} Qe4+
{[%clk 0:00:23]} 44. Kh2 {[%clk 0:00:07]} Qd5 {[%clk 0:00:21]} 45. Qa5
{[%clk 0:00:05]} Kb7 {[%clk 0:00:17]} 46. Qd8 {[%clk 0:00:05]} e4
{[%clk 0:00:16]} 47. Qd7+ {[%clk 0:00:05]} Kb6 {[%clk 0:00:16]} 48. Qd8+
{[%clk 0:00:06]} Kb5 {[%clk 0:00:17]} 49. Qe8+ {[%clk 0:00:07]} Kc4
{[%clk 0:00:19]} 50. Qa4+ {[%clk 0:00:07]} Kc3 {[%clk 0:00:18]} 51. Qa3+
{[%clk 0:00:06]} Qb3 {[%clk 0:00:17]} 52. Qxd6 {[%clk 0:00:05]} e3
{[%clk 0:00:16]} 53. Qc6+ {[%clk 0:00:04]} Kd2 {[%clk 0:00:14]} 54. Qxg6 0-1

[Event "Wroclaw"]
[Site "?"]
[Date "2020.08.27"]
[Round "13.10"]
[White "Pytel, Maciej"]
[Black "Pacan-Milej, Kosma"]
[Result "0-1"]
[BlackElo "2113"]
[WhiteElo "1867"]
[LiveChessVersion "1.4.8"]

1. e4 {[%clk 0:03:01]} c5 {[%clk 0:03:04]} 2. Nc3 {[%clk 0:03:02]} Nc6
{[%clk 0:02:53]} 3. g3 {[%clk 0:03:03]} g6 {[%clk 0:02:53]} 4. Bg2
{[%clk 0:03:04]} Bg7 {[%clk 0:02:54]} 5. d3 {[%clk 0:03:05]} e6 {[%clk 0:02:52]}
6. Be3 {[%clk 0:03:06]} Nd4 {[%clk 0:02:49]} 7. Qd2 {[%clk 0:02:55]} Rb8
{[%clk 0:02:45]} 8. Nd1 {[%clk 0:02:54]} d6 {[%clk 0:02:35]} 9. c3
{[%clk 0:02:55]} Nc6 {[%clk 0:02:36]} 10. Ne2 {[%clk 0:02:53]} h5
{[%clk 0:02:26]} 11. d4 {[%clk 0:02:49]} cxd4 {[%clk 0:02:24]} 12. Nxd4
{[%clk 0:02:49]} Nge7 {[%clk 0:02:19]} 13. Nb5 {[%clk 0:02:43]} d5
{[%clk 0:02:05]} 14. exd5 {[%clk 0:02:34]} Nxd5 {[%clk 0:02:03]} 15. Bxd5
{[%clk 0:02:21]} exd5 {[%clk 0:02:00]} 16. Bf4 {[%clk 0:01:50]} Ne5
{[%clk 0:01:50]} 17. Bxe5 {[%clk 0:01:31]} Bxe5 {[%clk 0:01:50]} 18. Qe2
{[%clk 0:01:32]} O-O {[%clk 0:01:43]} 19. O-O {[%clk 0:01:20]} Re8
{[%clk 0:01:44]} 20. Qd2 {[%clk 0:01:15]} Bh3 {[%clk 0:01:35]} 21. Re1
{[%clk 0:01:14]} Qb6 {[%clk 0:01:27]} 22. Nd4 {[%clk 0:01:08]} Bxd4
{[%clk 0:01:24]} 23. Rxe8+ {[%clk 0:01:02]} Rxe8 {[%clk 0:01:25]} 24. cxd4
{[%clk 0:01:02]} Qxd4 {[%clk 0:01:24]} 25. Qc3 {[%clk 0:00:41]} Qxc3
{[%clk 0:00:46]} 26. Nxc3 {[%clk 0:00:40]} d4 {[%clk 0:00:46]} 27. Nd5
{[%clk 0:00:40]} Kg7 {[%clk 0:00:46]} 28. Nf4 {[%clk 0:00:41]} Bf5
{[%clk 0:00:43]} 29. Rd1 {[%clk 0:00:35]} d3 {[%clk 0:00:44]} 30. f3
{[%clk 0:00:27]} Rd8 {[%clk 0:00:39]} 31. Kf2 {[%clk 0:00:28]} g5
{[%clk 0:00:32]} 32. Nxh5+ {[%clk 0:00:26]} Kg6 {[%clk 0:00:33]} 33. g4
{[%clk 0:00:28]} Be6 {[%clk 0:00:31]} 34. Ke3 {[%clk 0:00:23]} Bxa2
{[%clk 0:00:19]} 35. Rxd3 {[%clk 0:00:24]} Rxd3+ {[%clk 0:00:20]} 36. Kxd3
{[%clk 0:00:25]} Bd5 {[%clk 0:00:21]} 37. Ke3 {[%clk 0:00:25]} f5
{[%clk 0:00:17]} 38. h4 {[%clk 0:00:12]} fxg4 {[%clk 0:00:11]} 39. fxg4
{[%clk 0:00:11]} Be6 {[%clk 0:00:08]} 40. hxg5 {[%clk 0:00:11]} Kxg5
{[%clk 0:00:08]} 41. Nf4 {[%clk 0:00:11]} Bxg4 {[%clk 0:00:08]} 42. Nd3
{[%clk 0:00:11]} Kf6 {[%clk 0:00:08]} 43. Kd4 {[%clk 0:00:12]} Ke7
{[%clk 0:00:08]} 44. Nc5 {[%clk 0:00:12]} Bc8 {[%clk 0:00:08]} 45. Ne4
{[%clk 0:00:12]} Ke6 {[%clk 0:00:09]} 46. b4 {[%clk 0:00:11]} b6 {[%clk 0:00:08]}
47. Ng5+ {[%clk 0:00:10]} Kd6 {[%clk 0:00:09]} 48. Ne4+ {[%clk 0:00:11]} Kc6
{[%clk 0:00:10]} 49. Kc4 {[%clk 0:00:11]} Be6+ {[%clk 0:00:10]} 50. Kc3
{[%clk 0:00:12]} Kb5 {[%clk 0:00:09]} 51. Nd6+ {[%clk 0:00:11]} Ka4
{[%clk 0:00:09]} 52. Ne4 {[%clk 0:00:10]} Bd5 {[%clk 0:00:08]} 53. Nf6
{[%clk 0:00:11]} Bc6 {[%clk 0:00:08]} 54. Ng4 {[%clk 0:00:11]} Ka3
{[%clk 0:00:07]} 55. Ne5 {[%clk 0:00:12]} Bd5 {[%clk 0:00:08]} 56. Nd7
{[%clk 0:00:06]} b5 {[%clk 0:00:05]} 57. Nc5 {[%clk 0:00:04]} Bf7
{[%clk 0:00:05]} 58. Ne4 {[%clk 0:00:04]} a5 {[%clk 0:00:06]} 59. bxa5 b4+
{[%clk 0:00:07]} 60. Kc2 {[%clk 0:00:05]} Bg6 {[%clk 0:00:07]} 61. Kc1
{[%clk 0:00:03]} Bxe4 {[%clk 0:00:08]} 62. a6 {[%clk 0:00:04]} b3
{[%clk 0:00:09]} 0-1

[Event "Wroclaw"]
[Site "?"]
[Date "2020.08.27"]
[Round "13.11"]
[White "Musial, Tomasz"]
[Black "Derylo, Kamil"]
[Result "0-1"]
[BlackElo "1744"]
[WhiteElo "1931"]
[LiveChessVersion "1.4.8"]

1. d4 {[%clk 0:03:05]} d5 {[%clk 0:02:56]} 2. c4 {[%clk 0:03:06]} e6
{[%clk 0:02:56]} 3. Nf3 {[%clk 0:03:06]} c5 {[%clk 0:02:55]} 4. cxd5
{[%clk 0:02:55]} exd5 {[%clk 0:02:56]} 5. g3 {[%clk 0:02:55]} Nc6
{[%clk 0:02:54]} 6. Bg2 {[%clk 0:02:54]} cxd4 {[%clk 0:02:53]} 7. Nxd4
{[%clk 0:02:37]} Bc5 {[%clk 0:02:55]} 8. Nb3 {[%clk 0:02:32]} Bb6
{[%clk 0:02:55]} 9. Qxd5 {[%clk 0:01:53]} Qxd5 {[%clk 0:02:26]} 10. Bxd5
{[%clk 0:01:53]} Nb4 {[%clk 0:02:28]} 11. Be4 {[%clk 0:01:51]} Nf6
{[%clk 0:02:29]} 12. Bd3 {[%clk 0:01:49]} Nxd3+ {[%clk 0:02:23]} 13. exd3
{[%clk 0:01:48]} Bh3 {[%clk 0:02:14]} 14. Be3 {[%clk 0:01:37]} O-O-O
{[%clk 0:02:00]} 15. Bxb6 {[%clk 0:01:10]} axb6 {[%clk 0:02:01]} 16. Kd2
{[%clk 0:00:56]} Ng4 {[%clk 0:01:59]} 17. Rc1+ {[%clk 0:00:46]} Kb8
{[%clk 0:01:59]} 18. Nc3 {[%clk 0:00:30]} Nxf2 {[%clk 0:01:58]} 19. d4
{[%clk 0:00:25]} Be6 {[%clk 0:01:36]} 20. Rf1 {[%clk 0:00:16]} Ng4
{[%clk 0:01:34]} 21. h3 {[%clk 0:00:10]} Nf6 {[%clk 0:01:34]} 22. Rad1
{[%clk 0:00:10]} Bxh3 {[%clk 0:01:10]} 23. Rf4 {[%clk 0:00:11]} Bg4
{[%clk 0:01:10]} 24. Re1 {[%clk 0:00:09]} Be6 {[%clk 0:01:10]} 25. Kc1
{[%clk 0:00:08]} Nh5 {[%clk 0:01:07]} 26. Rff1 {[%clk 0:00:07]} Nxg3
{[%clk 0:01:02]} 27. Rf3 {[%clk 0:00:06]} Nh5 {[%clk 0:00:53]} 28. Rg1
{[%clk 0:00:06]} g6 {[%clk 0:00:48]} 29. d5 {[%clk 0:00:07]} Bxd5
{[%clk 0:00:44]} 30. Nxd5 {[%clk 0:00:08]} Rxd5 {[%clk 0:00:45]} 31. Rxf7
{[%clk 0:00:09]} Rc8+ {[%clk 0:00:36]} 32. Kb1 {[%clk 0:00:10]} h6
{[%clk 0:00:33]} 33. Rh7 {[%clk 0:00:06]} g5 {[%clk 0:00:25]} 34. Rxh6
{[%clk 0:00:06]} Nf4 {[%clk 0:00:25]} 35. Rh2 {[%clk 0:00:07]} g4
{[%clk 0:00:24]} 36. Rd2 {[%clk 0:00:05]} Rg5 {[%clk 0:00:20]} 37. Rd4
{[%clk 0:00:05]} Rf8 {[%clk 0:00:20]} 38. Rf1 {[%clk 0:00:06]} g3
{[%clk 0:00:20]} 39. Rg1 {[%clk 0:00:03]} Ne2 {[%clk 0:00:21]} 0-1